[Event "SERBIA CHESS OPEN 2021 – MASTERS"]
[Site "Belgrade, Hotel Metropol"]
[Date "2021.07.05"]
[Round "5.79"]
[White "Zhukov, Anton"]
[Black "Grieve, Harry"]
[Result "1/2-1/2"]
[WhiteElo "2174"]
[BlackElo "2351"]
[PlyCount "72"]
[EventDate "2021.??.??"]

1. d4 d5 2. c4 e6 3. Nf3 c6 4. Nbd2 Nf6 5. e3 Nbd7 6. b3 Bd6 7. Bb2 Qe7 8. Ne5
Ne4 9. Bd3 Nxd2 10. Qxd2 O-O 11. O-O f5 12. f4 Nf6 13. Bc3 Bd7 14. a3 b6 15. a4
a5 16. Qc2 Ne4 17. Be1 Rfc8 18. g4 Be8 19. Qg2 Bxe5 20. fxe5 Bg6 21. Bxe4 fxe4
22. Qd2 h5 23. gxh5 Bxh5 24. Rf4 Bf3 25. Bg3 g5 26. Rf6 Rf8 27. cxd5 cxd5 28.
Rc1 Rac8 29. Rc3 Kg7 30. Qc1 Rxc3 31. Qxc3 Qd7 32. Rxf8 Kxf8 33. Kf2 Qb7 34.
Ke1 Ke8 35. Kd2 Kd7 36. b4 Qc6 1/2-1/2

[Event "SERBIA CHESS OPEN 2021 – MASTERS"]
[Site "Belgrade, Hotel Metropol"]
[Date "2021.07.05"]
[Round "5.80"]
[White "Nestorovic, Dejan"]
[Black "Mehmed, Elif"]
[Result "1-0"]
[WhiteElo "2350"]
[BlackElo "2199"]
[PlyCount "113"]
[EventDate "2021.??.??"]

1. e4 c5 2. Nc3 d6 3. f4 Nc6 4. Nf3 g6 5. d4 cxd4 6. Nxd4 Bg7 7. Be3 Nf6 8. Be2
O-O 9. Nb3 Bd7 10. g4 Rc8 11. g5 Ne8 12. Qd2 Bh3 13. Rg1 Be6 14. h4 Na5 15. h5
Nc4 16. Bxc4 Bxc4 17. Rh1 Qc7 18. hxg6 fxg6 19. Nd5 Qd7 20. Qh2 Bxd5 21. exd5
Qg4 22. Nd4 Kf7 23. Kd2 Nc7 24. c4 Bxd4 25. Bxd4 Ke8 26. Raf1 Rf7 27. Qh3 Qxh3
28. Rxh3 e5 29. Be3 Kd7 30. Rfh1 exf4 31. Bd4 Rcf8 32. Rxh7 b5 33. b3 f3 34.
Bxa7 bxc4 35. bxc4 Kc8 36. Rxf7 Rxf7 37. Be3 Na6 38. a3 Nc5 39. Bxc5 dxc5 40.
Ke3 f2 41. Rf1 Rf5 42. Rxf2 Re5+ 43. Kd3 Rxg5 44. Rf6 Rg3+ 45. Ke4 Kd7 46. Rc6
Rg4+ 47. Kd3 Rg3+ 48. Kc2 Re3 49. Rxg6 Rf3 50. Rc6 Rh3 51. Rxc5 Kd6 52. Rc6+
Ke5 53. d6 Rh8 54. Kc3 Rd8 55. c5 Kd5 56. Rc7 Rb8 57. d7 1-0

[Event "SERBIA CHESS OPEN 2021 – MASTERS"]
[Site "Belgrade, Hotel Metropol"]
[Date "2021.07.05"]
[Round "5.81"]
[White "Kowalski, Igor"]
[Black "Radisavljevic, Dalibor"]
[Result "1/2-1/2"]
[WhiteElo "2349"]
[BlackElo "2186"]
[PlyCount "35"]
[EventDate "2021.??.??"]

1. d4 Nf6 2. c4 g6 3. Nc3 d5 4. cxd5 Nxd5 5. e4 Nxc3 6. bxc3 Bg7 7. Nf3 c5 8.
Rb1 O-O 9. Be2 Nc6 10. d5 Ne5 11. Nxe5 Bxe5 12. Qb3 e6 13. c4 exd5 14. cxd5 Re8
15. Bb5 Bd7 16. Bxd7 Qxd7 17. O-O Bd4 18. Qxb7 1/2-1/2

[Event "SERBIA CHESS OPEN 2021 – MASTERS"]
[Site "Belgrade, Hotel Metropol"]
[Date "2021.07.05"]
[Round "5.82"]
[White "Volkov, Dmitriy"]
[Black "Ljepic, Andrej"]
[Result "1-0"]
[WhiteElo "2343"]
[BlackElo "2136"]
[PlyCount "127"]
[EventDate "2021.??.??"]

1. e4 c5 2. Nf3 Nc6 3. d4 cxd4 4. Nxd4 e5 5. Nb5 a6 6. Nd6+ Bxd6 7. Qxd6 Qe7 8.
Qxe7+ Ngxe7 9. c4 Nd4 10. Be3 d6 11. Nc3 O-O 12. Bd3 Nec6 13. Nd5 Be6 14. Rc1
Rac8 15. Bxd4 exd4 16. Kd2 Bxd5 17. exd5 Ne7 18. Rhe1 Rc7 19. Re4 Rfc8 20. Rce1
Kf8 21. Rxd4 b5 22. b3 bxc4 23. bxc4 Rb7 24. Rb1 Rxb1 25. Bxb1 Rc5 26. Rf4 Kg8
27. Bc2 g6 28. h4 Nc8 29. g4 Nb6 30. Kd3 Kf8 31. g5 Rc8 32. Bb3 a5 33. Bd1 Nd7
34. Kc3 Nc5 35. Bc2 Ke7 36. h5 Rh8 37. Rh4 Rg8 38. f4 Rg7 39. Rh1 Rg8 40. Re1+
Kd8 41. Rb1 Kc7 42. Rh1 Kd8 43. Kd4 Re8 44. f5 Re5 45. hxg6 hxg6 46. Rh8+ Kd7
47. Rh7 Ke7 48. f6+ Ke8 49. Rh8+ Kd7 50. Rf8 Rxg5 51. Rxf7+ Ke8 52. Rg7 Rg4+
53. Ke3 Kf8 54. Bxg6 a4 55. Kf3 Rg1 56. Kf4 Rf1+ 57. Kg5 Rg1+ 58. Kh6 Rh1+ 59.
Bh5 Ne4 60. Ra7 Nxf6 61. Rf7+ Ke8 62. Rxf6+ Ke7 63. Rf7+ Kd8 64. Ra7 1-0

[Event "SERBIA CHESS OPEN 2021 – MASTERS"]
[Site "Belgrade, Hotel Metropol"]
[Date "2021.07.05"]
[Round "5.83"]
[White "Dimic, Pavle"]
[Black "Ufimtsev, Egor"]
[Result "1-0"]
[WhiteElo "2337"]
[BlackElo "2168"]
[PlyCount "57"]
[EventDate "2021.??.??"]

1. d4 d5 2. c4 c6 3. Nc3 Nf6 4. e3 e6 5. Nf3 Nbd7 6. Bd3 dxc4 7. Bxc4 b5 8. Be2
a6 9. e4 b4 10. e5 bxc3 11. exf6 Nxf6 12. bxc3 Bd6 13. Ne5 O-O 14. O-O Qc7 15.
Bf3 Bb7 16. Rb1 Rab8 17. Nc4 Bxh2+ 18. Kh1 Nd5 19. Rb3 Bf4 20. Ba3 c5 21. Bxc5
Rfc8 22. Re1 Qd8 23. g3 Bc7 24. Ba7 Bc6 25. Bxb8 Bxb8 26. Nb2 Qa5 27. c4 Nc3
28. Qd3 Ne4 29. Rxe4 1-0

[Event "SERBIA CHESS OPEN 2021 – MASTERS"]
[Site "Belgrade, Hotel Metropol"]
[Date "2021.07.05"]
[Round "5.84"]
[White "Abramovic, Bosko"]
[Black "Tomic, Stjepan"]
[Result "1-0"]
[WhiteElo "2334"]
[BlackElo "1928"]
[PlyCount "81"]
[EventDate "2021.??.??"]

1. Nf3 d5 2. g3 Nf6 3. Bg2 c6 4. d3 Bf5 5. Nbd2 e6 6. O-O Nbd7 7. b3 Be7 8. Bb2
h6 9. c4 O-O 10. a3 Rc8 11. b4 a5 12. Qb3 axb4 13. axb4 Qb6 14. Bc3 Ra8 15. Qb2
Rfe8 16. Rfe1 Rxa1 17. Rxa1 Bf8 18. c5 Qc7 19. Ne5 b6 20. e4 Bh7 21. Nxd7 Nxd7
22. d4 bxc5 23. dxc5 Rb8 24. exd5 exd5 25. Nb3 Bd3 26. Qd2 Bg6 27. Nd4 Nf6 28.
Qf4 Qc8 29. Nxc6 Rb7 30. Bxf6 Qxc6 31. Bc3 Rd7 32. Qd4 Bf5 33. Bf1 Rc7 34. Ra6
Qb7 35. Rd6 Be6 36. Rd8 f6 37. b5 Rc8 38. c6 Qc7 39. Rxc8 Qxc8 40. Bb4 Bxb4 41.
Qxb4 1-0

[Event "SERBIA CHESS OPEN 2021 – MASTERS"]
[Site "Belgrade, Hotel Metropol"]
[Date "2021.07.05"]
[Round "5.85"]
[White "Horvat, Damjan"]
[Black "O`donnell, Conor"]
[Result "1/2-1/2"]
[WhiteElo "2167"]
[BlackElo "2331"]
[PlyCount "59"]
[EventDate "2021.??.??"]

1. Nf3 Nc6 2. e4 e5 3. Bb5 g6 4. c3 Bg7 5. d4 exd4 6. cxd4 a6 7. Bc4 b5 8. Bb3
d6 9. O-O Nge7 10. h3 O-O 11. Be3 Na5 12. Qd2 Nxb3 13. axb3 f5 14. e5 Bb7 15.
Bh6 Bxh6 16. Qxh6 Bxf3 17. gxf3 dxe5 18. dxe5 f4 19. Nc3 Nf5 20. Qxf4 Nh4 21.
Qg4 Nxf3+ 22. Kh1 Qe8 23. e6 Nd2 24. Rfd1 Qc6+ 25. Qg2 Qxg2+ 26. Kxg2 Nxb3 27.
Ra3 b4 28. Rxb3 bxc3 29. Rxc3 Ra7 30. Rd7 1/2-1/2

[Event "SERBIA CHESS OPEN 2021 – MASTERS"]
[Site "Belgrade, Hotel Metropol"]
[Date "2021.07.05"]
[Round "5.86"]
[White "Akbas, Umut Ata"]
[Black "Yordanov, Lachezar"]
[Result "1-0"]
[WhiteElo "2141"]
[BlackElo "2325"]
[PlyCount "61"]
[EventDate "2021.??.??"]

1. d4 Nf6 2. Nf3 e6 3. Bf4 c5 4. e3 Nc6 5. Nbd2 d5 6. c3 cxd4 7. exd4 Nh5 8.
Bg5 f6 9. Ne5 g6 10. Bh4 Be7 11. Nxc6 bxc6 12. Be2 Nf4 13. O-O Nxe2+ 14. Qxe2
Kf7 15. Rae1 c5 16. dxc5 Bxc5 17. c4 Bb4 18. cxd5 exd5 19. Ne4 Re8 20. Bxf6
Qxf6 21. Ng5+ Qxg5 22. Qxe8+ Kg7 23. h4 Qxh4 24. Qc6 Kh6 25. g3 Qh5 26. Qxa8
Bh3 27. Qd8 Bxf1 28. Rxf1 Bc5 29. Kg2 Qf5 30. Rh1+ Kg7 31. Qc7+ 1-0

[Event "SERBIA CHESS OPEN 2021 – MASTERS"]
[Site "Belgrade, Hotel Metropol"]
[Date "2021.07.05"]
[Round "5.87"]
[White "Nurmanova, Alua"]
[Black "Vetokhin, Savva"]
[Result "1/2-1/2"]
[WhiteElo "2093"]
[BlackElo "2324"]
[PlyCount "114"]
[EventDate "2021.??.??"]

1. e4 c5 2. Nf3 d6 3. d4 cxd4 4. Nxd4 Nf6 5. Nc3 Nc6 6. Bg5 e6 7. Bb5 Bd7 8.
Qd3 Be7 9. O-O-O O-O 10. Bxc6 bxc6 11. Nb3 d5 12. e5 Ne8 13. Bxe7 Qxe7 14. Qd4
f6 15. Rhe1 fxe5 16. Rxe5 Nd6 17. Qc5 Rfe8 18. Ree1 Nf7 19. Qxe7 Rxe7 20. Nc5
e5 21. f3 Rae8 22. h4 h6 23. b3 Bc8 24. Ne2 Nd6 25. Ng3 Nb7 26. Nxb7 Bxb7 27.
Nf5 Re6 28. c4 Rf6 29. Ne3 Rg6 30. Re2 Ba6 31. Rf2 e4 32. cxd5 exf3 33. d6 Rd8
34. gxf3 Rdxd6 35. Rxd6 Rxd6 36. Kc2 Re6 37. Nf5 Rf6 38. Ne3 Re6 39. Kd2 Kf7
40. Rg2 Rf6 41. Ng4 Rd6+ 42. Ke3 Rd5 43. f4 Rd3+ 44. Ke4 Rh3 45. Ne5+ Kg8 46.
Rd2 Rxh4 47. Ng6 Rh1 48. Rd8+ Kf7 49. Ne5+ Ke6 50. f5+ Kf6 51. Rd6+ Kg5 52.
Rg6+ Kh5 53. Rxg7 Re1+ 54. Kf4 Rf1+ 55. Ke4 Re1+ 56. Kf4 Rf1+ 57. Ke4 Re1+
1/2-1/2

[Event "SERBIA CHESS OPEN 2021 – MASTERS"]
[Site "Belgrade, Hotel Metropol"]
[Date "2021.07.05"]
[Round "5.88"]
[White "Gokcek, Kursat Bugra"]
[Black "Sylvan, Jacob"]
[Result "0-1"]
[WhiteElo "2089"]
[BlackElo "2322"]
[PlyCount "98"]
[EventDate "2021.??.??"]

1. e4 c5 2. Nf3 d6 3. d4 cxd4 4. Nxd4 Nf6 5. Nc3 g6 6. Be3 Bg7 7. f3 O-O 8. Qd2
Nc6 9. g4 Qa5 10. O-O-O Bd7 11. h4 Rfc8 12. h5 Nb4 13. Kb1 Rxc3 14. Qxc3 Qxa2+
15. Kc1 Qa5 16. Qa3 Na2+ 17. Kb1 Qxa3 18. bxa3 Nc3+ 19. Kc1 Nxd1 20. Kxd1 Rc8
21. h6 Bf8 22. Nb3 b6 23. Kd2 e5 24. Ba6 Rc7 25. c4 Ba4 26. Nc1 d5 27. exd5
Bxa3 28. g5 Bb4+ 29. Kd3 Nd7 30. Na2 Nc5+ 31. Bxc5 Bxc5 32. Re1 Bd6 33. Nc3 Bd7
34. Kc2 Rc5 35. Kb3 Ra5 36. Bb5 Ra3+ 37. Kb2 Bf5 38. f4 a6 39. Bc6 f6 40. gxf6
exf4 41. Rf1 g5 42. Be8 g4 43. Rh1 Kf8 44. Bh5 Bb4 45. Ne2 Rf3 46. Kc1 Ba3+ 47.
Kd2 Rd3+ 48. Ke1 Bb4+ 49. Kf2 g3+ 0-1

[Event "SERBIA CHESS OPEN 2021 – MASTERS"]
[Site "Belgrade, Hotel Metropol"]
[Date "2021.07.05"]
[Round "5.89"]
[White "Khachatryan, Anna"]
[Black "Silich, Yahor"]
[Result "0-1"]
[WhiteElo "1966"]
[BlackElo "2319"]
[PlyCount "120"]
[EventDate "2021.??.??"]

1. e4 c5 2. Nf3 Nc6 3. d4 cxd4 4. Nxd4 Qb6 5. Nb3 Nf6 6. Nc3 e6 7. Be3 Qc7 8.
a3 a6 9. Be2 Be7 10. O-O O-O 11. Kh1 b5 12. f4 d6 13. Rf3 Rd8 14. Rh3 e5 15. f5
d5 16. Nxd5 Nxd5 17. exd5 Bxf5 18. Bg4 Bg6 19. Bh5 e4 20. Bxg6 hxg6 21. Qg4
Rxd5 22. Qxe4 Rad8 23. Bg1 Qe5 24. Qxe5 Nxe5 25. Re3 Bf6 26. c3 Nc4 27. Re2 Rd1
28. Rxd1 Rxd1 29. g3 Rb1 30. Nc5 Nxb2 31. Nxa6 Bxc3 32. Kg2 Nc4 33. Bc5 Bb2 34.
Re8+ Kh7 35. Re7 f6 36. Nc7 Bxa3 37. Bxa3 Nxa3 38. Ne6 Kh6 39. Rxg7 Re1 40. Ra7
Rxe6 41. Rxa3 Re2+ 42. Kh3 Rb2 43. Ra6 Kg5 44. Rc6 f5 45. Rb6 b4 46. Rb5 b3 47.
Rb7 Kh6 48. Rb8 Rb1 49. Rb6 Kh5 50. Rb5 Rb2 51. Rb8 Kh6 52. Rh8+ Kg7 53. Rb8 g5
54. Rb6 Rb1 55. Kg2 b2 56. Rb4 f4 57. gxf4 gxf4 58. Kh3 f3 59. Rg4+ Kh6 60.
Rh4+ Kg5 0-1

[Event "SERBIA CHESS OPEN 2021 – MASTERS"]
[Site "Belgrade, Hotel Metropol"]
[Date "2021.07.05"]
[Round "5.90"]
[White "Kalogridis, Antonios"]
[Black "Pasti, Aron"]
[Result "1/2-1/2"]
[WhiteElo "2080"]
[BlackElo "2318"]
[PlyCount "136"]
[EventDate "2021.??.??"]

1. d4 d5 2. c4 e6 3. Nc3 Nf6 4. cxd5 exd5 5. Bg5 Be7 6. e3 O-O 7. Bd3 Re8 8.
Nge2 Nbd7 9. O-O c6 10. Qc2 Nf8 11. f3 b5 12. Rad1 a5 13. e4 b4 14. Na4 dxe4
15. fxe4 Nxe4 16. Bxe4 Bxg5 17. Bxc6 Ba6 18. Bxe8 Qxe8 19. Rde1 Qe3+ 20. Kh1
Re8 21. Qf5 Bf6 22. Qf4 Bxe2 23. Qxe3 Rxe3 24. Rf2 Bb5 25. Rxe3 Bxd4 26. Rf5
Bxa4 27. Rxa5 Bxe3 28. Rxa4 Bc5 29. Ra5 Be7 30. Ra7 Bc5 31. Ra5 Bd4 32. Rb5
Bxb2 33. Rxb4 Ba3 34. Rb3 Bc5 35. a4 f6 36. a5 Kf7 37. a6 Ne6 38. Rb7+ Kg6 39.
a7 Bxa7 40. Rxa7 h5 41. Kg1 Ng5 42. Kf2 Ne4+ 43. Ke3 Ng5 44. Kf4 Nf7 45. Ke4
Ne5 46. h3 Nf7 47. Kd5 Nh6 48. Ke6 Nf5 49. Ra3 Nd4+ 50. Ke7 Nf5+ 51. Kf8 Kh7
52. Ra7 Kh6 53. Rd7 Kg5 54. Kf7 Kh6 55. Rd5 Ne3 56. Rd2 Nf5 57. Kf8 Kg6 58. Rd7
Kg5 59. Kg8 Ne3 60. Rxg7+ Kh4 61. Kf7 Nxg2 62. Rxg2 Kxh3 63. Rg6 f5 64. Kf6 f4
65. Kg5 f3 66. Kxh5 f2 67. Rf6 Kg2 68. Rxf2+ Kxf2 1/2-1/2

[Event "SERBIA CHESS OPEN 2021 – MASTERS"]
[Site "Belgrade, Hotel Metropol"]
[Date "2021.07.05"]
[Round "5.91"]
[White "Bodiroga, Predrag"]
[Black "Jordanov, Mihail"]
[Result "1/2-1/2"]
[WhiteElo "2316"]
[BlackElo "2082"]
[PlyCount "103"]
[EventDate "2021.??.??"]

1. d4 Nf6 2. c4 e6 3. Nc3 Bb4 4. Nf3 b6 5. Qc2 Bb7 6. a3 Bxc3+ 7. Qxc3 d6 8.
Bg5 Nbd7 9. e3 Qe7 10. Nd2 h6 11. Bh4 e5 12. f3 exd4 13. Qxd4 O-O 14. e4 Qe6
15. O-O-O a5 16. g4 Qe5 17. Qxe5 dxe5 18. Be2 Nh7 19. c5 Nxc5 20. Be7 Rfe8 21.
Bxc5 bxc5 22. Nb3 Ba6 23. Bxa6 Rxa6 24. Rd5 Ng5 25. Rxc5 Nxf3 26. Rxc7 Raa8 27.
Kb1 Nd4 28. Nd2 Ne6 29. Rb7 Red8 30. Nc4 f6 31. Nb6 Rab8 32. Rxb8 Rxb8 33. Nd5
Nc5 34. Nc3 Rd8 35. b4 axb4 36. axb4 Rb8 37. b5 h5 38. gxh5 Nxe4 39. Nxe4 Rxb5+
40. Kc2 Rb4 41. Kd3 Rd4+ 42. Ke3 f5 43. Ng5 Rh4 44. h3 Rxh5 45. Nf3 e4 46. Ne5
g5 47. Kd4 Kg7 48. Rf1 Kf6 49. Nd7+ Kg6 50. Ne5+ Kf6 51. Nd7+ Kg6 52. Ne5+
1/2-1/2

[Event "SERBIA CHESS OPEN 2021 – MASTERS"]
[Site "Belgrade, Hotel Metropol"]
[Date "2021.07.05"]
[Round "5.92"]
[White "Ivanisevic, Ivan"]
[Black "Zhukenov, Aituar"]
[Result "1/2-1/2"]
[WhiteElo "2606"]
[BlackElo "2241"]
[PlyCount "167"]
[EventDate "2021.??.??"]

1. d4 Nf6 2. c4 e6 3. Nc3 Bb4 4. e3 b6 5. Bd3 Bb7 6. Nge2 Bxg2 7. Rg1 Bf3 8.
Qc2 Nc6 9. a3 Bd6 10. Rxg7 Nh5 11. Rxh7 Rxh7 12. Bxh7 Qh4 13. Be4 Bxe4 14. Qxe4
Qxh2 15. Bd2 O-O-O 16. Qf3 Rg8 17. O-O-O Rg2 18. Rf1 f5 19. e4 Kb8 20. exf5
exf5 21. Nd5 Ng3 22. Nxg3 Bxg3 23. Be3 f4 24. Nxf4 Bxf4 25. Bxf4 Nxd4 26. Bxh2
Nxf3 27. Bg3 Nd4 28. Kd1 d6 29. Re1 Nf5 30. Ke2 Rxg3 31. fxg3 Nxg3+ 32. Kf3 Nf5
33. Re8+ Kb7 34. Ke4 Nh6 35. Kd5 Ng4 36. Re7 a5 37. b3 Ne5 38. Rg7 Nc6 39. Rh7
Ne5 40. Rh3 Nc6 41. Rh5 Ne5 42. b4 axb4 43. axb4 Nc6 44. b5 Ne5 45. Rg5 Kc8 46.
Rg8+ Kb7 47. Re8 Nd7 48. Rh8 Ne5 49. Rh5 Nd7 50. Ke6 Ne5 51. Rh7 Nxc4 52. Kd7
Na3 53. Rh5 Nc2 54. Rh4 d5 55. Ra4 Ne3 56. Rd4 Kb8 57. Kc6 Nf5 58. Rf4 Nd6 59.
Rd4 Kc8 60. Rxd5 Nb7 61. Rh5 Nd8+ 62. Kd5 Kd7 63. Rh8 c6+ 64. bxc6+ Nxc6 65.
Rh7+ Ne7+ 66. Ke5 Kd8 67. Rg7 b5 68. Ke6 Nc8 69. Rb7 b4 70. Rd7+ Ke8 71. Rd3
Na7 72. Rd4 Nc6 73. Re4 Nd8+ 74. Kd6+ Kf7 75. Kd7 Nb7 76. Rc4 b3 77. Rf4+ Kg6
78. Rb4 Nc5+ 79. Kc6 Nd3 80. Rb5 Nf4 81. Kc5 Nh5 82. Rb6+ Kf7 83. Rb8 Ng7 84.
Rb6 1/2-1/2

[Event "SERBIA CHESS OPEN 2021 – MASTERS"]
[Site "Belgrade, Hotel Metropol"]
[Date "2021.07.05"]
[Round "5.93"]
[White "Nikolovski, Nikola"]
[Black "Maksimenko, Viktor"]
[Result "1/2-1/2"]
[WhiteElo "2438"]
[BlackElo "2239"]
[PlyCount "122"]
[EventDate "2021.??.??"]

1. f4 e5 2. fxe5 d6 3. Nf3 g5 4. h3 dxe5 5. e4 g4 6. hxg4 Bxg4 7. Bc4 Nc6 8. d3
h5 9. c3 Qd7 10. Be3 O-O-O 11. b4 Bh6 12. Qe2 Bf4 13. Nbd2 Nge7 14. Bxf4 exf4
15. d4 Nf5 16. Rh2 Ne3 17. Bb3 Rhe8 18. Qb5 f6 19. Kf2 Qg7 20. Rah1 Bxf3 21.
gxf3 Rxd4 22. Nf1 Nd1+ 23. Bxd1 Rxd1 24. Qxh5 Qd7 25. Qxe8+ Qxe8 26. Rh8 Qxh8
27. Rxh8+ Kd7 28. Rh4 Ra1 29. Rxf4 Rxa2+ 30. Kg3 Ke6 31. Ne3 Ne7 32. Ng4 f5 33.
Nh6 fxe4 34. Rxe4+ Kd7 35. Nf7 Nf5+ 36. Kg4 Nd6 37. Nxd6 Kxd6 38. f4 a5 39.
bxa5 Rxa5 40. f5 Ra1 41. f6 Rf1 42. Kg5 b5 43. Kg6 c5 44. f7 Kd5 45. Rh4 Ke6
46. Re4+ Kd5 47. Re8 Kc4 48. Rc8 Rf2 49. Kg7 Kd5 50. Kf8 Kc4 51. Ke8 Kd5 52.
Rb8 Kc4 53. Rb6 Rxf7 54. Kxf7 b4 55. cxb4 cxb4 56. Ke6 b3 57. Ke5 Kc3 58. Rc6+
Kd3 59. Rb6 Kc2 60. Kd4 b2 61. Rc6+ Kd2 1/2-1/2

[Event "SERBIA CHESS OPEN 2021 – MASTERS"]
[Site "Belgrade, Hotel Metropol"]
[Date "2021.07.05"]
[Round "5.94"]
[White "Polschikov, Alexey"]
[Black "Thorsbro, Peter"]
[Result "1-0"]
[WhiteElo "2420"]
[BlackElo "2233"]
[PlyCount "87"]
[EventDate "2021.??.??"]

1. Nf3 d5 2. d4 e6 3. c4 Nf6 4. g3 Be7 5. Bg2 O-O 6. O-O dxc4 7. Qc2 a6 8. a4
Bd7 9. Qxc4 Bc6 10. Bg5 Bd5 11. Qc2 Be4 12. Qd2 h6 13. Bxf6 Bxf6 14. Nc3 Bxf3
15. Bxf3 c6 16. Rfd1 a5 17. e3 Na6 18. Qe2 Nb4 19. Ne4 Be7 20. Nd2 Qc7 21. Rac1
Rfd8 22. Nc4 Bf6 23. Be4 Rac8 24. Qh5 Ra8 25. h4 Be7 26. g4 Bf8 27. Ne5 g6 28.
Bxg6 fxg6 29. Qxg6+ Qg7 30. Qxe6+ Kh7 31. Qf5+ Kg8 32. Qe6+ Kh7 33. g5 hxg5 34.
e4 Rd6 35. Qf5+ Kg8 36. Rc3 Be7 37. hxg5 Rf8 38. Qg4 c5 39. Rg3 cxd4 40. Nd7
Rd8 41. Nc5 Rg6 42. Ne6 Qe5 43. Nxd8 Rxg5 44. f4 1-0

[Event "SERBIA CHESS OPEN 2021 – MASTERS"]
[Site "Belgrade, Hotel Metropol"]
[Date "2021.07.05"]
[Round "5.95"]
[White "Akshat, Khamparia"]
[Black "Sitnic, Adnan"]
[Result "1-0"]
[WhiteElo "2406"]
[BlackElo "2231"]
[PlyCount "51"]
[EventDate "2021.??.??"]

1. d4 e6 2. c4 Nf6 3. Nf3 b6 4. g3 Ba6 5. Qc2 d5 6. cxd5 Nxd5 7. Bg2 Be7 8. O-O
O-O 9. Nc3 Bb7 10. Rd1 Nd7 11. e4 Nxc3 12. bxc3 b5 13. Rb1 Rb8 14. Be3 a6 15.
c4 bxc4 16. Nd2 Nb6 17. Nxc4 Nxc4 18. Qxc4 Qd7 19. Rb3 c5 20. Rdb1 Rfc8 21.
dxc5 Qc7 22. c6 Ba8 23. Rxb8 Rxb8 24. Rxb8+ Qxb8 25. c7 Qc8 26. Bb6 1-0

[Event "SERBIA CHESS OPEN 2021 – MASTERS"]
[Site "Belgrade, Hotel Metropol"]
[Date "2021.07.05"]
[Round "5.96"]
[White "Nandhidhaa, P V."]
[Black "Strugnell, Carl"]
[Result "1-0"]
[WhiteElo "2365"]
[BlackElo "2229"]
[PlyCount "35"]
[EventDate "2021.??.??"]

1. e4 e5 2. Nf3 Nc6 3. Nc3 Nf6 4. Bb5 Nd4 5. Bd3 Bc5 6. Nxe5 Qe7 7. Nf3 d5 8.
Nxd4 Bxd4 9. O-O Bxc3 10. bxc3 dxe4 11. Re1 Bg4 12. f3 O-O-O 13. fxg4 h5 14.
Qf3 Qc5+ 15. Qe3 Qd6 16. Bxe4 hxg4 17. Bf5+ Kb8 18. Qg3 1-0

[Event "SERBIA CHESS OPEN 2021 – MASTERS"]
[Site "Belgrade, Hotel Metropol"]
[Date "2021.07.05"]
[Round "5.97"]
[White "Mijatovic, Dusan"]
[Black "Meissner, Felix"]
[Result "0-1"]
[WhiteElo "2202"]
[BlackElo "2362"]
[PlyCount "70"]
[EventDate "2021.??.??"]

1. e4 c5 2. Nf3 d6 3. d4 cxd4 4. Nxd4 Nf6 5. Nc3 a6 6. f3 e6 7. g4 Be7 8. g5
Nfd7 9. Be3 Nc6 10. h4 Nxd4 11. Qxd4 O-O 12. Rg1 b5 13. a3 Ne5 14. Be2 Rb8 15.
h5 Nc6 16. Qd2 b4 17. axb4 Nxb4 18. Bc4 Bb7 19. Bb3 d5 20. g6 dxe4 21. gxf7+
Kxf7 22. Qe2 Bd5 23. Nxd5 exd5 24. O-O-O Bf6 25. Bc5 Nd3+ 26. Rxd3 exd3 27.
Qxd3 Rxb3 28. cxb3 Re8 29. Qxh7 Qb8 30. Qg6+ Kg8 31. Qg3 Qc8 32. b4 Qf5 33. Qg6
Qe5 34. Qc2 Qxh5 35. Qg6 Re1+ 0-1

[Event "SERBIA CHESS OPEN 2021 – MASTERS"]
[Site "Belgrade, Hotel Metropol"]
[Date "2021.07.05"]
[Round "5.98"]
[White "Ojas, Kulkarni"]
[Black "Zhukova, Natalia"]
[Result "0-1"]
[WhiteElo "2216"]
[BlackElo "2336"]
[PlyCount "80"]
[EventDate "2021.??.??"]

1. e4 e5 2. Nf3 Nc6 3. d4 exd4 4. Nxd4 Nf6 5. Nxc6 bxc6 6. e5 Qe7 7. Qe2 Nd5 8.
c4 Nb6 9. Nc3 Qe6 10. Qe4 Bb7 11. Bd3 Bb4 12. Bd2 O-O-O 13. O-O c5 14. Qe2 d6
15. Bg5 Bxc3 16. bxc3 Rde8 17. Qc2 Qxe5 18. Bd2 Qh5 19. a4 a5 20. Rfb1 Bc6 21.
Bf4 Nd7 22. h3 g6 23. Re1 f5 24. Be2 Qh4 25. Qd2 h6 26. Bf3 Bxf3 27. gxf3 Nb6
28. Reb1 Nxc4 29. Qc1 Qxh3 30. Qd1 g5 31. Bh2 g4 32. f4 Qf3 33. Qb3 Nb6 34. Qb5
h5 35. Qa6+ Qb7 36. Qd3 h4 37. Qxf5+ Kb8 38. Re1 Reg8 39. Kf1 g3 40. Bg1 h3 0-1

[Event "SERBIA CHESS OPEN 2021 – MASTERS"]
[Site "Belgrade, Hotel Metropol"]
[Date "2021.07.05"]
[Round "5.99"]
[White "Stankovic, Milos M"]
[Black "Aleksic, Neven"]
[Result "1/2-1/2"]
[WhiteElo "2327"]
[BlackElo "2213"]
[PlyCount "82"]
[EventDate "2021.??.??"]

1. d4 Nf6 2. c4 e6 3. Nc3 Bb4 4. Nf3 O-O 5. g3 b6 6. Bg2 Bb7 7. Bd2 d6 8. O-O
Nbd7 9. a3 Bxc3 10. Bxc3 a5 11. b4 axb4 12. axb4 Be4 13. Qb3 Qb8 14. Bh3 b5 15.
c5 Bd5 16. Qc2 Qb7 17. Nd2 Rxa1 18. Rxa1 Ra8 19. f3 Rxa1+ 20. Bxa1 Qa8 21. Bb2
Qa2 22. e4 Bc4 23. Qc3 d5 24. e5 Ne8 25. Qa3 Qxa3 26. Bxa3 c6 27. Kf2 Kf8 28.
f4 Ke7 29. g4 g6 30. Bg2 Nc7 31. Kg3 Bd3 32. Nb3 f5 33. Na5 Nb8 34. Bc1 Ne8 35.
h3 Ng7 36. Bd2 fxg4 37. hxg4 h5 38. Bf3 hxg4 39. Bxg4 Bf5 40. Bf3 Be4 41. Bg4
Bf5 1/2-1/2

[Event "SERBIA CHESS OPEN 2021 – MASTERS"]
[Site "Belgrade, Hotel Metropol"]
[Date "2021.07.05"]
[Round "5.100"]
[White "Mitev, Valentin"]
[Black "Zakic, Srdjan"]
[Result "1-0"]
[WhiteElo "2181"]
[BlackElo "2324"]
[PlyCount "87"]
[EventDate "2021.??.??"]

1. d4 Nf6 2. c4 g6 3. Nc3 Bg7 4. e4 O-O 5. h3 d6 6. Be3 e5 7. d5 a5 8. g4 Na6
9. f3 Nd7 10. Qd2 f5 11. gxf5 gxf5 12. O-O-O Ndc5 13. Bd3 Qh4 14. Bb1 Bd7 15.
Rh2 Kh8 16. Rg2 f4 17. Bf2 Qh5 18. Nb5 a4 19. Bc2 Bf6 20. b4 axb3 21. axb3 Qe8
22. Na3 b5 23. b4 Na4 24. Bxa4 Nxb4 25. Qxb4 Rxa4 26. Qb2 Qa8 27. Rd3 bxc4 28.
Rc3 Rb8 29. Qa1 Rab4 30. Be1 Qa7 31. Qa2 Ba4 32. Nc2 Rb3 33. Rxc4 Rb1+ 34. Qxb1
Rxb1+ 35. Kxb1 Bb5 36. Rb4 Bd3 37. Bf2 Qa8 38. Be1 h6 39. Kb2 Kh7 40. Rb3 Bf1
41. Rf2 Bc4 42. Rc3 Qa2+ 43. Kc1 Bh4 44. Ra3 1-0

[Event "SERBIA CHESS OPEN 2021 – MASTERS"]
[Site "Belgrade, Hotel Metropol"]
[Date "2021.07.05"]
[Round "5.101"]
[White "Hasanzade, Toghrul"]
[Black "Mihov, Filip"]
[Result "0-1"]
[WhiteElo "2323"]
[BlackElo "2178"]
[PlyCount "72"]
[EventDate "2021.??.??"]

1. e4 e6 2. d4 d5 3. Nd2 dxe4 4. Nxe4 Nd7 5. Nf3 Ngf6 6. Nxf6+ Nxf6 7. c3 Be7
8. Bd3 O-O 9. Ne5 c5 10. Be3 Nd5 11. O-O cxd4 12. Bxd4 Nf4 13. Be4 f6 14. Nd3
Qc7 15. Re1 Ng6 16. Qb3 f5 17. Bf3 Bd6 18. Bh5 Bxh2+ 19. Kh1 Bd6 20. Rad1 Nf4
21. Nxf4 Bxf4 22. Rd3 Kh8 23. g3 e5 24. Qb4 Bd7 25. Bc5 a5 26. Qa3 Rf6 27. gxf4
Rh6 28. Rh3 Be8 29. Bg4 Qc6+ 30. Kg1 fxg4 31. Rxh6 Qxh6 32. Re3 Bc6 33. f3 exf4
34. Re2 Bxf3 35. Rh2 Qe6 36. Bf2 g3 0-1

[Event "SERBIA CHESS OPEN 2021 – MASTERS"]
[Site "Belgrade, Hotel Metropol"]
[Date "2021.07.05"]
[Round "5.102"]
[White "Caputcuoglu, Zeki Berke"]
[Black "Czerw, Dawid"]
[Result "0-1"]
[WhiteElo "2138"]
[BlackElo "2306"]
[PlyCount "114"]
[EventDate "2021.??.??"]

1. e4 e6 2. d4 d5 3. Nd2 Nf6 4. e5 Nfd7 5. c3 c5 6. f4 b6 7. Ndf3 Ba6 8. Bxa6
Nxa6 9. Ne2 Be7 10. O-O Nc7 11. Be3 f5 12. exf6 Nxf6 13. Ne5 O-O 14. Ng3 Bd6
15. Qe2 Qe7 16. Rae1 Rae8 17. Nc6 Qd7 18. Ne5 Qc8 19. h4 Qa6 20. Qc2 Bxe5 21.
dxe5 Ng4 22. Bd2 Qc8 23. Qd1 Nh6 24. Nh1 Qd8 25. g3 Nf5 26. Rf3 b5 27. Nf2 d4
28. Ne4 Qd5 29. h5 Rd8 30. g4 Nh6 31. Rd3 Qxa2 32. Nd6 Nf7 33. Nxf7 Rxf7 34.
Bc1 Qd5 35. cxd4 c4 36. Ra3 a6 37. Rf3 Qxd4+ 38. Qxd4 Rxd4 39. Kg2 Nd5 40. Kg3
b4 41. f5 h6 42. Ref1 Re4 43. fxe6 Rxf3+ 44. Rxf3 Rxe5 45. Rf5 Rxf5 46. gxf5 c3
47. Kf3 Kf8 48. Ke4 Nf6+ 49. Kd3 cxb2 50. Bxb2 Nxh5 51. Kc4 a5 52. Kb5 Ng3 53.
f6 gxf6 54. Bxf6 h5 55. Kxa5 b3 56. Kb4 h4 57. Kxb3 h3 0-1